000 00665nam a22002417a 4500
003 UA-OsUOA
001 39736
007 ta
008 20080516b un ||||| |||| 00| 0 ukr d
100 _aМандрик Марія
090 _a323.1
_bМ23
942 _cBK
040 _aUA-OsUOA
_bukr
_cUA-OsUOA
_dUA-OsUOA
245 _aУкраїнський націоналізм: становлення у міжвоєнну добу
300 _a388 с.
955 _a1
041 _aukr
080 _a323.1
020 _a966-7601-70-6
260 _aК.
_bВидавництво ім. О. Теліги
_c2006
650 7 _a32 Політика
_2UDC
999 _c438245
_d438245